Classifier combination in speech recognition [abstract] /

Elmentve itt :
Bibliográfiai részletek
Szerzők: Felföldi László
Kocsor András
Tóth László
Testületi szerző: Conference of PhD students in computer science (3.)
Dokumentumtípus: Könyv része
Megjelent: University of Szeged Szeged 2002
Sorozat:Conference of PhD Students in Computer Science 3
Kulcsszavak:Beszédfelismerés - előadáskivonat, Számítástechnika - előadáskivonat
Tárgyszavak:
Online Access:http://acta.bibl.u-szeged.hu/59652
LEADER 00956naa a2200229 i 4500
001 acta59652
005 20230619150510.0
008 191007s2002 hu o 1|| eng d
040 |a SZTE Egyetemi Kiadványok Repozitórium  |b hun 
041 |a eng 
100 1 |a Felföldi László 
245 1 0 |a Classifier combination in speech recognition   |h [elektronikus dokumentum] :  |b [abstract] /  |c  Felföldi László 
260 |a University of Szeged  |b Szeged  |c 2002 
300 |a 30 
490 0 |a Conference of PhD Students in Computer Science  |v 3 
650 4 |a Természettudományok 
650 4 |a Számítás- és információtudomány 
695 |a Beszédfelismerés - előadáskivonat, Számítástechnika - előadáskivonat 
700 0 1 |a Kocsor András  |e aut 
700 0 1 |a Tóth László  |e aut 
711 |a Conference of PhD students in computer science (3.)  |c Szeged  |d 2002. július 1-4. 
856 4 0 |u http://acta.bibl.u-szeged.hu/59652/1/cscs_2002_030.pdf  |z Dokumentum-elérés